| 000 | 01314nam a22003257a 4500 | ||
|---|---|---|---|
| 005 | 20100413102526.0 | ||
| 008 | 100413t xxu||||| |||| 00| 0 eng d | ||
| 010 | _aENG-96026 | ||
| 020 |
_a9780070701182 _c625.00 |
||
| 020 |
_a0070701180 _c625.00 |
||
| 035 | _aEN-79559 | ||
| 037 | _bDBAD/PUB | ||
| 040 | _aDPL | ||
| 082 | _a006.76 | ||
| 100 | _aDesbiens, Frederic | ||
| 245 |
_aOracle WebCenter 11g handbook : _cby Frederic Desbiens, Peter Moskovits and Philipp Weckerle _bbuild rich, customizable enterprise 2.0 applications |
||
| 260 |
_aNew Delhi _bTatal Mcgraw Hill Education _c2010 |
||
| 270 |
_a7, West Patel Nagar _bNew Delhi _e110008 |
||
| 300 |
_axxv, 498 p. : _c28 cm. (Pbk) _bill. |
||
| 500 | _aIncludes index | ||
| 630 | _aOracle (Computer file) | ||
| 650 | _aInternet programming. | ||
| 650 |
_aApplication software _xDevelopment. |
||
| 650 | _aWeb 2.0. | ||
| 700 | _aMoskovits, Peter | ||
| 700 | _aWeckerle, Philipp | ||
| 942 |
_2ddc _cEN _mDES _h006.76 |
||
| 999 |
_c35244 _d35244 |
||